00789nam a2200241Ia 450000100060000000300090000600800410001504000130005604000130006904100130008210000170009510000290011224500500014124500690019125000110026026000090027126000320028026000490031230000590036150000530042065000430047365000310051615964IT-RoPAU130308s9999 xx 000 0 und d aIT-RoPAU cIT-RoPAU aFRANCESE aPichard R.P. gCodice Aut. SPICS: 2601 aEsprit et organisation de la radio-television bTechniques de Diffusion Dans la Civilisation Contemporaine (Les) a1a ed. aLYON bChronique Sociale De France c1955 [1° Ed.:1955 - Ed.Ling.Originale:1955] a"22 p. (prefazione: no ; testo: 22 [pagine: 247-268])" aSpirito e Organizzazione della Radio Televisione aCONVEGNI/MANIFESTAZIONI PASTORALE D.CS eCodice materia Spics: 9315